[Event "BEL-chT 0708"]
[Site "Belgium"]
[Date "2008.01.06"]
[Round "6.3"]
[White "Deleyn, Gunter"]
[Black "Knoppert, Erik"]
[Result "1/2-1/2"]
[WhiteElo "2305"]
[BlackElo "2330"]
[PlyCount "111"]
[EventDate "2007.09.30"]
[EventType "team-tourn"]
[EventRounds "11"]
[EventCountry "BEL"]
[SourceTitle "EXT 2009"]
[Source "ChessBase"]
[SourceDate "2008.11.26"]
[SourceVersion "1"]
[SourceVersionDate "2008.11.26"]
[SourceQuality "1"]
[WhiteTeam "KGSRL"]
[BlackTeam "Borgerhout"]
[WhiteTeamCountry "BEL"]
[BlackTeamCountry "BEL"]

1. g3 e5 2. Bg2 d5 3. d3 c6 4. Nf3 f6 5. 0-0 Be6 6. e4 dxe4 7. dxe4 Qxd1 8. Rxd1 Na6 9. Ne1 Bc5 10. Nc3 Rd8 11. Nd3 Bd4 12. Ne2 Bb6 13. Bd2 Ne7 14. a4 Bc4 15. Bc3 Kf7 16. Kf1 Bxd3 17. cxd3 Rd6 18. b4 Rhd8 19. a5 Bc7 20. Nc1 Bb8 21. Ke2 Nc7 22. Nb3 b6 23. axb6 axb6 24. Bb2 Ne6 25. Bh3 g6 26. Bxe6+ Kxe6 27. Ra8 Bc7 28. Ra7 R6d7 29. Rd2 Bd6 30. Rxd7 Rxd7 31. Bc3 Ra7 32. Rb2 Ra4 33. Nd2 b5 34. Nf3 Ra3 35. Kd2 Nc8 36. Ne1 Nb6 37. Nc2 Ra8 38. Ke2 f5 39. f3 h5 40. Bd2 Ra6 41. Be3 Na4 42. Rb3 Ra8 43. d4 fxe4 44. fxe4 Rd8 45. Rd3 Bc7 46. dxe5 Rxd3 47. Kxd3 Bxe5 48. Bd4 Nb2+ 49. Bxb2 Bxb2 50. Nd4+ Kd6 51. e5+ Kxe5 52. Nxc6+ Kf5 53. h3 g5 54. Nd4+ Bxd4 55. Kxd4 h4 56. gxh4 1/2-1/2

[Event "BEL-chT 0708"]
[Site "Belgium"]
[Date "2007.11.18"]
[Round "4.3"]
[White "Knoppert, Erik"]
[Black "Tereick, Benjamin"]
[Result "0-1"]
[WhiteElo "2330"]
[BlackElo "2404"]
[PlyCount "110"]
[EventDate "2007.09.30"]
[EventType "team-tourn"]
[EventRounds "11"]
[EventCountry "BEL"]
[SourceTitle "CBM 121 Extra"]
[Source "ChessBase"]
[SourceDate "2008.01.10"]
[SourceVersion "1"]
[SourceVersionDate "2008.01.10"]
[SourceQuality "1"]
[WhiteTeam "Borgerhout"]
[BlackTeam "KSK47 Eynatten II"]
[WhiteTeamCountry "BEL"]
[BlackTeamCountry "BEL"]

1. c4 b6 2. d4 Bb7 3. Nc3 e6 4. a3 f5 5. Nf3 Nf6 6. g3 Be7 7. Bg2 0-0 8. 0-0 Ne4 9. Nxe4 Bxe4 10. d5 Bf6 11. Nd4 Bxg2 12. Kxg2 Qe7 13. dxe6 dxe6 14. Nxf5 Qc5 15. Ne3 a5 16. Qa4 h5 17. Rd1 Nc6 18. Qc2 Nd4 19. Qe4 Qe5 20. Qxe5 Bxe5 21. Kf1 Nb3 22. Rb1 Rad8 23. Ke1 Bd4 24. Bd2 c6 25. Bc3 e5 26. Bxd4 exd4 27. Ng2 Rde8 28. h4 Rf5 29. Kf1 a4 30. Rd3 Rc5 31. e3 Rxc4 32. exd4 Rc2 33. Kg1 Ree2 34. Ne3 Rxb2 35. Rxb2 Rxb2 36. d5 Nc5 37. d6 Nd7 38. Rd4 b5 39. Re4 Rd2 40. Re8+ Nf8 41. Nf5 g6 42. Ne7+ Kf7 43. Rc8 b4 44. axb4 a3 45. Ra8 a2 46. Kg2 Rxd6 47. Nxc6 Rxc6 48. Rxa2 Rb6 49. Rb2 Ne6 50. Kf3 Nd4+ 51. Kf4 Nc6 52. b5 Nd4 53. Kg5 Ne6+ 54. Kh6 Rb8 55. Kh7 Rg8 0-1

[Event "BEL-chT 0607"]
[Site "Belgium"]
[Date "2007.03.11"]
[Round "10"]
[White "Knoppert, Erik"]
[Black "Feygin, Michael"]
[Result "1/2-1/2"]
[WhiteElo "2334"]
[BlackElo "2520"]
[PlyCount "84"]
[EventDate "2006.10.01"]
[EventType "team-tourn"]
[EventRounds "11"]
[EventCountry "BEL"]
[SourceTitle "EXT 2008"]
[Source "ChessBase"]
[SourceDate "2007.11.25"]
[SourceVersion "1"]
[SourceVersionDate "2007.11.25"]
[SourceQuality "1"]
[WhiteTeam "Borgerhout"]
[BlackTeam "SK Rochade"]
[WhiteTeamCountry "BEL"]
[BlackTeamCountry "BEL"]

1. e4 e6 2. d4 d5 3. Nd2 Nf6 4. Bd3 c5 5. dxc5 Na6 6. Bb5+ Bd7 7. Bxa6 bxa6 8. exd5 Nxd5 9. Ngf3 Bxc5 10. 0-0 Qc7 11. c4 Nf6 12. b3 Bc6 13. Bb2 Rd8 14. Be5 Qb7 15. Qe2 Ng4 16. Rad1 0-0 17. Bc3 Qc7 18. Ne5 Nxe5 19. Qxe5 Qxe5 20. Bxe5 f6 21. Bc7 Rd7 22. Ba5 Bb6 23. Bxb6 axb6 24. Nb1 Rfd8 25. Rxd7 Rxd7 26. f3 e5 27. Kf2 Kf7 28. Ke3 f5 29. Nc3 g5 30. Rd1 f4+ 31. Ke2 Rxd1 32. Kxd1 g4 33. Ke2 gxf3+ 34. gxf3 Ke6 35. b4 Kd6 36. Ne4+ Bxe4 37. fxe4 a5 38. a3 Kc6 39. Kf3 Kd6 40. Ke2 Kc7 41. Kf3 Kb7 42. Ke2 Kc6 1/2-1/2

[Event "BEL-chT 0607"]
[Site "Belgium"]
[Date "2007.02.25"]
[Round "9"]
[White "Knoppert, Erik"]
[Black "Vandevoort, Pascal"]
[Result "0-1"]
[WhiteElo "2334"]
[BlackElo "2392"]
[PlyCount "33"]
[EventDate "2006.10.01"]
[EventType "team-tourn"]
[EventRounds "11"]
[EventCountry "BEL"]
[SourceTitle "EXT 2008"]
[Source "ChessBase"]
[SourceDate "2007.11.25"]
[SourceVersion "1"]
[SourceVersionDate "2007.11.25"]
[SourceQuality "1"]
[WhiteTeam "Borgerhout"]
[BlackTeam "Liege Crelel"]
[WhiteTeamCountry "BEL"]
[BlackTeamCountry "BEL"]

1. e4 c5 2. Ne2 Nc6 3. Nbc3 Nf6 4. g3 d5 5. exd5 Nd4 6. Bg2 Bg4 7. h3 Bf3 8. 0-0 Nxe2+ 9. Nxe2 Bxg2 10. Kxg2 Qxd5+ 11. Kh2 e6 12. Nc3 Qc6 13. f4 0-0-0 14. Qf3 Qxf3 15. Rxf3 Nd5 16. Nxd5 exd5 17. d3 0-1

[Event "BEL-chT 0304"]
[Site "Belgium"]
[Date "2004.03.23"]
[Round "11.3"]
[White "Vandevoort, Pascal"]
[Black "Knoppert, Erik"]
[Result "1-0"]
[WhiteElo "2379"]
[BlackElo "2340"]
[PlyCount "65"]
[EventDate "2003.10.01"]
[EventType "team-tourn"]
[EventRounds "11"]
[EventCountry "BEL"]
[SourceTitle "EXT 2005"]
[Source "ChessBase"]
[SourceDate "2004.11.15"]
[SourceVersion "1"]
[SourceVersionDate "2004.11.15"]
[SourceQuality "1"]
[WhiteTeam "Liege Crelel"]
[BlackTeam "Hoboken"]
[WhiteTeamCountry "BEL"]
[BlackTeamCountry "BEL"]

1. d4 Nf6 2. Bg5 Ne4 3. Bf4 d6 4. Nd2 Nf6 5. e4 g6 6. Ngf3 Bg7 7. c3 0-0 8. Bd3 Nh5 9. Be3 Nc6 10. d5 Nb8 11. Nd4 c6 12. Be2 Nf6 13. c4 c5 14. Nb5 a6 15. Nc3 Re8 16. a4 e6 17. 0-0 b6 18. f4 exd5 19. cxd5 Nxe4 20. Ncxe4 f5 21. Nxd6 Qxd6 22. Nc4 Qd8 23. Bf2 a5 24. Re1 Ba6 25. Bf1 Nd7 26. Qb3 Bxc4 27. Bxc4 Qf6 28. Bb5 Rxe1+ 29. Rxe1 Nf8 30. d6+ Kh8 31. d7 Qd6 32. Re8 Qxf4 33. Rxa8 1-0

[Event "BEL-chT 0304"]
[Site "Belgium"]
[Date "2003.12.23"]
[Round "5.3"]
[White "Knoppert, Erik"]
[Black "Golubev, Mikhail"]
[Result "1/2-1/2"]
[WhiteElo "2340"]
[BlackElo "2536"]
[PlyCount "40"]
[EventDate "2003.10.01"]
[EventType "team-tourn"]
[EventRounds "11"]
[EventCountry "BEL"]
[SourceTitle "CBM 097 Extra"]
[Source "ChessBase"]
[SourceDate "2004.01.13"]
[SourceVersion "1"]
[SourceVersionDate "2004.01.13"]
[SourceQuality "1"]
[WhiteTeam "Hoboken"]
[BlackTeam "Eynatten"]
[WhiteTeamCountry "BEL"]
[BlackTeamCountry "BEL"]

1. e4 c5 2. Ne2 Nc6 3. Nbc3 g6 4. d4 cxd4 5. Nxd4 Bg7 6. Be3 Nf6 7. Nxc6 bxc6 8. e5 Nd5 9. Nxd5 cxd5 10. Qxd5 Rb8 11. Bxa7 Rxb2 12. Bd4 Rb8 13. Bc4 0-0 14. 0-0 Bb7 15. Qc5 d6 16. exd6 exd6 17. Qa7 Bxg2 18. Kxg2 Ra8 19. Qb6 Qd7 20. Bxg7 Qg4+ 1/2-1/2

[Event "BEL-chT 0304"]
[Site "Belgium"]
[Date "2003.12.08"]
[Round "4.3"]
[White "Dambacher, Martijn"]
[Black "Knoppert, Erik"]
[Result "0-1"]
[WhiteElo "2419"]
[BlackElo "2340"]
[PlyCount "62"]
[EventDate "2003.10.01"]
[EventType "team-tourn"]
[EventRounds "11"]
[EventCountry "BEL"]
[SourceTitle "CBM 097 Extra"]
[Source "ChessBase"]
[SourceDate "2004.01.13"]
[SourceVersion "1"]
[SourceVersionDate "2004.01.13"]
[SourceQuality "1"]
[WhiteTeam "Eynatten II"]
[BlackTeam "Hoboken"]
[WhiteTeamCountry "BEL"]
[BlackTeamCountry "BEL"]

1. d4 Nf6 2. c4 c5 3. d5 b5 4. cxb5 a6 5. bxa6 Bxa6 6. Nc3 d6 7. g3 g6 8. Bg2 Bg7 9. Nf3 0-0 10. 0-0 Nbd7 11. Qc2 Qb6 12. Rd1 Rfb8 13. Rb1 Ra7 14. b3 Ne8 15. e4 Nc7 16. a4 Rab7 17. Bg5 h6 18. Be3 Kh7 19. Na2 Qa5 20. h4 Kg8 21. h5 g5 22. Nh2 Ne5 23. f4 gxf4 24. gxf4 Nd3 25. Bf1 Nb2 26. Rxb2 Bxb2 27. Qxb2 Rxb3 28. Qg2+ Kh7 29. Bd2 Qxa4 30. Bxa6 Rg8 31. Ng4 Rg3 0-1

[Event "BEL-chT 0304"]
[Site "Belgium"]
[Date "2003.11.02"]
[Round "3.1"]
[White "Knoppert, Erik"]
[Black "Blees, Albert"]
[Result "1/2-1/2"]
[WhiteElo "2340"]
[BlackElo "2389"]
[PlyCount "47"]
[EventDate "2003.10.01"]
[EventType "team-tourn"]
[EventRounds "11"]
[EventCountry "BEL"]
[SourceTitle "EXT 2004"]
[Source "ChessBase"]
[SourceDate "2003.11.25"]
[SourceVersion "1"]
[SourceVersionDate "2003.11.25"]
[SourceQuality "1"]
[WhiteTeam "Hoboken"]
[BlackTeam "Bruges"]
[WhiteTeamCountry "BEL"]
[BlackTeamCountry "BEL"]

1. e4 e6 2. d4 d5 3. Nd2 Nf6 4. Bd3 c5 5. exd5 Qxd5 6. Ngf3 cxd4 7. 0-0 Nc6 8. Bc4 Qd6 9. Re1 Bd7 10. Nb3 Qc7 11. Nbxd4 Nxd4 12. Qxd4 Bc5 13. Qh4 0-0-0 14. Bf4 Bxf2+ 15. Qxf2 Qxf4 16. Qxa7 Qxc4 17. Ne5 Qa6 18. Qxa6 bxa6 19. Nxf7 Rhf8 20. Nxd8 Kxd8 21. c4 Ke7 22. Re5 Rb8 23. b3 Rb6 24. Rd1 1/2-1/2

[Event "BEL-chT 0203"]
[Site "Belgium"]
[Date "2002.11.24"]
[Round "3.2"]
[White "Knoppert, Erik"]
[Black "Tjiam, Dharma"]
[Result "1-0"]
[WhiteElo "2322"]
[BlackElo "2339"]
[PlyCount "71"]
[EventDate "2002.10.06"]
[EventType "team-tourn"]
[EventRounds "11"]
[EventCountry "BEL"]
[SourceTitle "EXT 2004"]
[Source "ChessBase"]
[SourceDate "2003.11.25"]
[SourceVersion "1"]
[SourceVersionDate "2003.11.25"]
[SourceQuality "1"]
[WhiteTeam "Hoboken"]
[BlackTeam "Gent"]
[WhiteTeamCountry "BEL"]
[BlackTeamCountry "BEL"]

1. e4 d6 2. d4 Nf6 3. Nc3 g6 4. f4 Bg7 5. Nf3 0-0 6. Bd3 Nc6 7. e5 dxe5 8. dxe5 Nd5 9. 0-0 Bf5 10. Bxf5 Nxc3 11. bxc3 gxf5 12. Ba3 Qxd1 13. Rfxd1 Rfd8 14. Kf2 e6 15. Nd4 Bf8 16. Bxf8 Kxf8 17. Nxc6 bxc6 18. Ke3 Ke7 19. Rxd8 Rxd8 20. Rb1 Rg8 21. g3 Kd7 22. Kd4 h5 23. Kc5 h4 24. Rd1+ Kc8 25. Rd3 hxg3 26. hxg3 f6 27. exf6 Rf8 28. Kxc6 Rxf6 29. Kc5 Rh6 30. c4 Rh2 31. Rc3 Rh1 32. Kc6 Ra1 33. Ra3 Rc1 34. Rxa7 Kd8 35. Rxc7 Rxc2 36. Ra7 1-0

[Event "BEL-chT 0203"]
[Site "Belgium"]
[Date "2002.10.20"]
[Round "2.2"]
[White "Dgebuadze, Alexandre"]
[Black "Knoppert, Erik"]
[Result "1/2-1/2"]
[WhiteElo "2537"]
[BlackElo "2322"]
[PlyCount "113"]
[EventDate "2002.10.06"]
[EventType "team-tourn"]
[EventRounds "11"]
[EventCountry "BEL"]
[SourceTitle "CBM 090 Extra"]
[Source "ChessBase"]
[SourceDate "2002.11.07"]
[SourceVersion "1"]
[SourceVersionDate "2002.11.07"]
[SourceQuality "1"]
[WhiteTeam "Rochade"]
[BlackTeam "Hoboken"]
[WhiteTeamCountry "BEL"]
[BlackTeamCountry "BEL"]

1. e4 c5 2. Nf3 d6 3. d4 cxd4 4. Nxd4 Nf6 5. Nc3 Nc6 6. Bc4 e6 7. Be3 Qc7 8. Qe2 a6 9. Bb3 Be7 10. Rg1 Na5 11. g4 Nxb3 12. axb3 d5 13. exd5 Bb4 14. Bd2 Bxc3 15. bxc3 Nxd5 16. c4 Ne7 17. f4 0-0 18. 0-0-0 Re8 19. Qe4 Bd7 20. Bc3 Ng6 21. Ne2 Bc6 22. Qe3 b5 23. c5 a5 24. Rd6 b4 25. Bb2 Bb5 26. Ng3 Rac8 27. f5 exf5 28. Qd4 Ne5 29. gxf5 Qxc5 30. Qxc5 Rxc5 31. Ne4 Nd3+ 32. Rxd3 Rxe4 33. Rd8+ Re8 34. Rxe8+ Bxe8 35. Rxg7+ Kf8 36. f6 Rh5 37. Bd4 Bc6 38. Bb6 a4 39. bxa4 Bxa4 40. Rg2 Rf5 41. Bd8 Ke8 42. Rd2 Bc6 43. Be7 Rd5 44. Re2 Rd4 45. Bc5+ Re4 46. Rd2 h5 47. Be7 Bd7 48. Kb2 h4 49. Kb3 Rf4 50. Ka2 Be6+ 51. Kb2 Bd7 52. Kb3 h3 53. Kb2 Rg4 54. Kb3 Rg2 55. Bxb4 Be6+ 56. c4 Rxd2 57. Bxd2 1/2-1/2

[Event "NED-chT 0102"]
[Site "Netherlands"]
[Date "2002.03.16"]
[Round "7.7"]
[White "Sielecki, Christof"]
[Black "Knoppert, Erik"]
[Result "1-0"]
[WhiteElo "2393"]
[BlackElo "2302"]
[PlyCount "81"]
[EventDate "2001.09.29"]
[EventType "team-tourn"]
[EventRounds "9"]
[EventCountry "NED"]
[SourceTitle "EXT 2015"]
[Source "ChessBase"]
[SourceDate "2014.11.20"]
[SourceVersion "1"]
[SourceVersionDate "2014.11.20"]
[SourceQuality "1"]
[WhiteTeam "ING/ESGOO Enschede"]
[BlackTeam "Apeldoorn Schaakstad"]
[WhiteTeamCountry "NED"]
[BlackTeamCountry "NED"]

1. c4 e5 2. g3 g6 3. d4 Nc6 4. d5 Nce7 5. Nc3 d6 6. e4 f5 7. h4 h6 8. Bd3 Nf6 9. h5 g5 10. exf5 Bxf5 11. Bxf5 Nxf5 12. Nge2 Qd7 13. Qd3 Qh7 14. Bd2 Nh4 15. Qxh7 Nf3+ 16. Kd1 Rxh7 17. Be3 c5 18. Nc1 Rf7 19. Nb3 Kd7 20. Nd2 Nxd2 21. Kxd2 e4 22. Rab1 Re8 23. b4 Kc8 24. Nb5 a6 25. Nc3 cxb4 26. Rxb4 Ng4 27. Ne2 Bg7 28. Rb6 Be5 29. Rhb1 Rc7 30. Nd4 Bxd4 31. Bxd4 Rxc4 32. Be3 Re7 33. Rxd6 Ra4 34. Bb6 Rxa2+ 35. Ke1 Re8 36. Rc1+ Kb8 37. Rd7 Rb2 38. Bd4 e3 39. Bxb2 Ne5 40. Bxe5+ Rxe5 41. fxe3 1-0

[Event "BEL-chT2 0102"]
[Site "Belgium"]
[Date "2001.10.14"]
[Round "1"]
[White "Sadkowsky, Daniel"]
[Black "Knoppert, Erik"]
[Result "0-1"]
[WhiteElo "2337"]
[BlackElo "2302"]
[PlyCount "79"]
[EventDate "2001.10.01"]
[EventType "team-tourn"]
[EventRounds "11"]
[EventCountry "BEL"]
[SourceTitle "EXT 2003"]
[Source "ChessBase"]
[SourceDate "2002.11.25"]
[SourceVersion "1"]
[SourceVersionDate "2002.11.25"]
[SourceQuality "1"]

1. Nf3 d6 2. d4 g6 3. c4 Bg7 4. Nc3 Nc6 5. d5 Ne5 6. Nxe5 Bxe5 7. e4 c6 8. Bd3 Nf6 9. 0-0 0-0 10. f4 Bd4+ 11. Kh1 cxd5 12. cxd5 a6 13. a4 Bd7 14. Qe1 Qc7 15. Bd2 Rac8 16. a5 Qc5 17. h3 e6 18. e5 Bxc3 19. bxc3 Nxd5 20. c4 Qd4 21. Ra3 Rxc4 22. Bxc4 Qxc4 23. exd6 Qc5 24. Qc1 Qxd6 25. f5 e5 26. f6 Bc6 27. Bg5 Re8 28. Ra2 e4 29. Qe1 Nb4 30. Rd2 Nd3 31. Qh4 h5 32. Be3 Qe5 33. Qg5 Qxg5 34. Bxg5 Bb5 35. Rb1 e3 36. Rc2 e2 37. Bh4 e1Q+ 38. Bxe1 Nxe1 39. Rc7 Bc6 40. Re7 0-1

[Event "BEL-chT 9899"]
[Site "Antwerp"]
[Date "1999.04.??"]
[Round "11"]
[White "Knoppert, Erik"]
[Black "Van der Stricht, Geert"]
[Result "1/2-1/2"]
[WhiteElo "2382"]
[BlackElo "2355"]
[PlyCount "84"]
[EventDate "1998.10.??"]
[EventType "team-tourn"]
[EventRounds "11"]
[EventCountry "BEL"]
[SourceTitle "EXT 2000"]
[Source "ChessBase"]
[SourceDate "1999.11.16"]
[SourceVersion "1"]
[SourceVersionDate "1999.11.16"]
[SourceQuality "1"]

1. e4 c5 2. Ne2 Nc6 3. Nbc3 g6 4. d4 cxd4 5. Nxd4 Bg7 6. Be3 Nf6 7. Nxc6 bxc6 8. e5 Ng8 9. f4 d6 10. exd6 exd6 11. Bd4 Nf6 12. Be2 0-0 13. 0-0 Rb8 14. Rb1 Qa5 15. a3 Re8 16. b4 Qd8 17. Bf3 Bd7 18. h3 a5 19. Qd2 Qc7 20. Rfd1 axb4 21. axb4 Bf5 22. Qf2 h5 23. Kh1 Qc8 24. Ba7 Ra8 25. Rxd6 Ne4 26. Nxe4 Bxe4 27. Bxe4 Rxe4 28. Bc5 Qf5 29. Rf1 Rc4 30. Qf3 Rxc2 31. Rxc6 Raa2 32. Rf2 Rxf2 33. Bxf2 Qb1+ 34. Kh2 Qxb4 35. f5 Be5+ 36. Bg3 Bxg3+ 37. Qxg3 Qe4 38. Rc8+ Kg7 39. Qc3+ Kh6 40. fxg6 Qf4+ 41. Qg3 Qxg3+ 42. Kxg3 fxg6 1/2-1/2

[Event "BEL-chT 9899"]
[Site "Antwerp"]
[Date "1999.02.??"]
[Round "7"]
[White "Knoppert, Erik"]
[Black "Tabak, Stefan"]
[Result "1/2-1/2"]
[WhiteElo "2382"]
[BlackElo "2100"]
[PlyCount "90"]
[EventDate "1998.10.??"]
[EventType "team-tourn"]
[EventRounds "11"]
[EventCountry "BEL"]
[SourceTitle "EXT 2000"]
[Source "ChessBase"]
[SourceDate "1999.11.16"]
[SourceVersion "1"]
[SourceVersionDate "1999.11.16"]
[SourceQuality "1"]

1. e4 d6 2. d4 g6 3. Nc3 c6 4. h3 Nf6 5. f4 Bg7 6. Nf3 0-0 7. Bd3 Nbd7 8. e5 dxe5 9. fxe5 Nd5 10. Nxd5 cxd5 11. 0-0 Qb6 12. Kh1 f5 13. b3 e6 14. c4 h6 15. h4 Nb8 16. Be3 Nc6 17. Qd2 Kh7 18. c5 Qa5 19. Qb2 Bd7 20. a3 Ne7 21. Bf4 Bb5 22. b4 Qa6 23. Bxb5 Qxb5 24. a4 Qd7 25. b5 Rfc8 26. Ne1 Qe8 27. Rf3 Ng8 28. Nd3 Qd8 29. Rh3 Bf8 30. Bd2 Be7 31. Be1 Qd7 32. Rc1 h5 33. Nb4 Nh6 34. Rhc3 Ng4 35. c6 bxc6 36. bxc6 Qc7 37. Na6 Qb6 38. Qb5 Qxd4 39. c7 Qxe5 40. Bg3 f4 41. Qd7 fxg3 42. Qxe7+ Kh8 43. Nb8 Nf2+ 44. Kg1 Ne4 45. Rf3 Qd4+ 1/2-1/2

[Event "BEL-chT 9899"]
[Site "Antwerp"]
[Date "1998.11.08"]
[Round "2"]
[White "Knoppert, Erik"]
[Black "Luminet, Denis"]
[Result "1/2-1/2"]
[WhiteElo "2385"]
[BlackElo "2285"]
[PlyCount "26"]
[EventDate "1998.10.??"]
[EventType "team-tourn"]
[EventRounds "11"]
[EventCountry "BEL"]
[SourceTitle "EXT 2000"]
[Source "ChessBase"]
[SourceDate "1999.11.16"]
[SourceVersion "1"]
[SourceVersionDate "1999.11.16"]
[SourceQuality "1"]

1. e4 c5 2. Ne2 Nc6 3. Nbc3 d6 4. g3 g6 5. Bg2 Bg7 6. 0-0 e5 7. d3 Nge7 8. f4 0-0 9. Be3 Nd4 10. Qd2 Be6 11. h3 Qd7 12. Kh2 Rac8 13. Rae1 b5 1/2-1/2

[Event "BEL-chT 9798"]
[Site "Antwerp"]
[Date "1998.??.??"]
[Round "11"]
[White "Knoppert, Erik"]
[Black "De Wolf, Johan"]
[Result "1/2-1/2"]
[WhiteElo "2385"]
[BlackElo "2185"]
[PlyCount "58"]
[EventDate "1997.??.??"]
[EventType "team-tourn"]
[EventRounds "11"]
[EventCountry "BEL"]
[SourceTitle "EXT 1999"]
[Source "ChessBase"]
[SourceDate "1998.11.16"]
[SourceVersion "1"]
[SourceVersionDate "1998.11.16"]
[SourceQuality "1"]

1. e4 d5 2. exd5 Nf6 3. Nc3 Nxd5 4. Bc4 Be6 5. Qf3 c6 6. Nge2 Nc7 7. Bb3 Nba6 8. Bxe6 Nxe6 9. a3 Nac7 10. 0-0 g6 11. h4 Bg7 12. d3 0-0 13. Re1 Qd7 14. Bd2 Nd5 15. Rad1 Nxc3 16. bxc3 Rfe8 17. d4 Rad8 18. Bc1 Qc7 19. g3 Qa5 20. Nf4 Nxf4 21. Bxf4 Qf5 22. Rd3 h5 23. Qe2 e6 24. Bc7 Rc8 25. Be5 Bxe5 26. dxe5 Red8 27. Red1 Rd5 28. f4 Rcd8 29. Kg2 Kg7 1/2-1/2

[Event "Haarlem AKN op 07th"]
[Site "Haarlem"]
[Date "1998.??.??"]
[Round "3"]
[White "Knoppert, Erik"]
[Black "Gurevich, Mikhail"]
[Result "0-1"]
[WhiteElo "2385"]
[BlackElo "2635"]
[PlyCount "56"]
[EventDate "1998.07.01"]
[EventType "swiss"]
[EventRounds "6"]
[EventCountry "NED"]
[SourceTitle "EXT 1999"]
[Source "ChessBase"]
[SourceDate "1998.11.16"]
[SourceVersion "1"]
[SourceVersionDate "1998.11.16"]
[SourceQuality "1"]

1. c4 e5 2. Nc3 Nf6 3. g3 d5 4. cxd5 Nxd5 5. Bg2 Nb6 6. d3 Be7 7. Nf3 Nc6 8. 0-0 0-0 9. Be3 Be6 10. Na4 Nd5 11. Bc5 Qd7 12. Bxe7 Qxe7 13. a3 Rad8 14. Rc1 e4 15. Ne1 exd3 16. Nxd3 Bg4 17. Bf3 Bxf3 18. exf3 Ne3 19. fxe3 Qxe3+ 20. Rf2 Rxd3 21. Qe1 Qd4 22. Nc5 Rxf3 23. Qd2 b6 24. Na6 Rxf2 25. Qxf2 Qd6 26. Qc2 Nd4 27. Qxc7 Qe6 28. Rf1 Qe4 0-1

[Event "Dieren op"]
[Site "Dieren"]
[Date "1997.??.??"]
[Round "1"]
[White "Azadmanesh, Moosa"]
[Black "Knoppert, Erik"]
[Result "0-1"]
[WhiteElo "2110"]
[BlackElo "2385"]
[PlyCount "130"]
[EventDate "1997.07.??"]
[EventType "swiss"]
[EventRounds "9"]
[EventCountry "NED"]
[SourceTitle "EXT 1998"]
[Source "ChessBase"]
[SourceDate "1997.11.17"]
[SourceVersion "1"]
[SourceVersionDate "1997.11.17"]
[SourceQuality "1"]

1. e4 c5 2. Nf3 d6 3. d4 cxd4 4. Nxd4 Nf6 5. Nc3 Nc6 6. Bc4 e6 7. Be3 Be7 8. Bb3 Qc7 9. Qe2 a6 10. 0-0-0 Na5 11. g4 b5 12. g5 Nxb3+ 13. axb3 Nd7 14. Nf5 exf5 15. Nd5 Qd8 16. exf5 Bb7 17. f6 Bxd5 18. fxe7 Qa5 19. Rhe1 Qa1+ 20. Kd2 Qxb2 21. Qd3 Rc8 22. Bd4 Rxc2+ 23. Qxc2 Qxd4+ 24. Kc1 Qa1+ 25. Kd2 Qa5+ 26. Ke2 Bb7 27. Rxd6 b4 28. Qd3 Qb5 29. Qxb5 axb5 30. Kf1 f6 31. f4 Rg8 32. Red1 Bc8 33. Re1 Kf7 34. Rc6 Nb8 35. e8Q+ Rxe8 36. Rc7+ Bd7 37. Rd1 Re7 38. Kf2 fxg5 39. fxg5 Be6 40. Rc5 Bxb3 41. Rd8 Rb7 42. Ke3 Be6 43. Rd4 Nd7 44. Rc6 b3 45. Rf4+ Ke7 46. Re4 Nf8 47. Rb4 Bd7 48. Rc3 Ne6 49. h4 Nc7 50. Re4+ Be6 51. Rxb3 b4 52. Kd2 Na6 53. Re5 Kd6 54. Rbe3 Nc7 55. Kc2 Ra7 56. Kb1 Ra8 57. h5 g6 58. hxg6 hxg6 59. Re1 b3 60. R5e3 Ra2 61. Rd3+ Bd5 62. Red1 Ke5 63. Kc1 Rc2+ 64. Kb1 Be4 65. Rxb3 Nb5 0-1

[Event "Dieren op"]
[Site "Dieren"]
[Date "1997.??.??"]
[Round "2"]
[White "Knoppert, Erik"]
[Black "Beim, Valery"]
[Result "0-1"]
[WhiteElo "2385"]
[BlackElo "2535"]
[PlyCount "40"]
[EventDate "1997.07.??"]
[EventType "swiss"]
[EventRounds "9"]
[EventCountry "NED"]
[SourceTitle "EXT 1998"]
[Source "ChessBase"]
[SourceDate "1997.11.17"]
[SourceVersion "1"]
[SourceVersionDate "1997.11.17"]
[SourceQuality "1"]

1. c4 e5 2. Nc3 Bb4 3. g3 Bxc3 4. dxc3 d6 5. Bg2 f5 6. Nf3 Nf6 7. 0-0 Nc6 8. Ne1 Be6 9. b3 0-0 10. Nc2 Qd7 11. Ne3 f4 12. Nd5 Bh3 13. Ba3 Bxg2 14. Kxg2 Ne7 15. Nxc7 Qxc7 16. Qxd6 Qxd6 17. Bxd6 Rae8 18. Bxe5 Ng6 19. Bxf6 Rxf6 20. Rfe1 Rd6 0-1

[Event "BEL-chT 9798"]
[Site "Antwerp"]
[Date "1997.??.??"]
[Round "3"]
[White "Knoppert, Erik"]
[Black "Wantiez, Fabrice"]
[Result "0-1"]
[WhiteElo "2385"]
[BlackElo "2105"]
[PlyCount "100"]
[EventDate "1997.??.??"]
[EventType "team-tourn"]
[EventRounds "11"]
[EventCountry "BEL"]
[SourceTitle "EXT 1999"]
[Source "ChessBase"]
[SourceDate "1998.11.16"]
[SourceVersion "1"]
[SourceVersionDate "1998.11.16"]
[SourceQuality "1"]

1. c4 Nf6 2. g3 g6 3. Bg2 Bg7 4. Nc3 0-0 5. e3 e6 6. b3 d5 7. Ba3 Re8 8. Nge2 c6 9. 0-0 Nbd7 10. Qc2 Nb6 11. d3 e5 12. cxd5 Nbxd5 13. Ne4 Qa5 14. Qc5 Qxc5 15. Bxc5 Bg4 16. f3 Be6 17. Nd6 Reb8 18. e4 Nb6 19. Nc4 Nxc4 20. dxc4 Rd8 21. Rfd1 a5 22. Nc3 Rxd1+ 23. Rxd1 Nd7 24. Na4 b5 25. cxb5 cxb5 26. Nb6 Nxb6 27. Bxb6 a4 28. bxa4 bxa4 29. Rd2 Bf8 30. Bf1 Rb8 31. Bc7 Rb1 32. Kg2 f6 33. Bd6 a3 34. Bxf8 Kxf8 35. Rd6 Bxa2 36. Rxf6+ Ke7 37. Ra6 Rb3 38. g4 Rc3 39. Bb5 Be6 40. Bc6 Bc4 41. Ra7+ Kd6 42. Bd5 Bxd5 43. exd5 Kxd5 44. Rxh7 Kc4 45. h4 a2 46. Ra7 Kb3 47. h5 gxh5 48. gxh5 Kb2 49. h6 a1Q 50. Rxa1 Kxa1 0-1

[Event "BEL-chT 9798"]
[Site "Antwerp"]
[Date "1997.??.??"]
[Round "5"]
[White "Vanderwaeren, Serge"]
[Black "Knoppert, Erik"]
[Result "1/2-1/2"]
[WhiteElo "2290"]
[BlackElo "2385"]
[PlyCount "41"]
[EventDate "1997.??.??"]
[EventType "team-tourn"]
[EventRounds "11"]
[EventCountry "BEL"]
[SourceTitle "EXT 1999"]
[Source "ChessBase"]
[SourceDate "1998.11.16"]
[SourceVersion "1"]
[SourceVersionDate "1998.11.16"]
[SourceQuality "1"]

1. Nf3 c5 2. e4 d6 3. Nc3 Nc6 4. Bb5 Bd7 5. 0-0 g6 6. d4 cxd4 7. Bxc6 Bxc6 8. Qxd4 Nf6 9. Bg5 Bg7 10. Nd5 Bxd5 11. exd5 0-0 12. Rfe1 Re8 13. c4 Qa5 14. Qd3 Rac8 15. a4 Qb4 16. b3 Nxd5 17. Bd2 Qc5 18. cxd5 Bxa1 19. Rxa1 a6 20. h4 Qc2 21. Qe3 1/2-1/2